000 00622nam a2200217 4500
008 b xx# fre u
020 _a2870098030
020 _a9782870098035
040 _aLB-BrCRDP
082 _a153.35/BOR
100 1 _aBorillo,Mario
130 0 _lFR
245 1 0 _aCognition et création
_bExplorations cognitives des processus de conception
_cMario Borillo,Jean-Pierre Goulette
260 _aBelgique
_bMardaga
_c2002
300 _a400p.;
_c22cm
490 0 _aSH
650 _apsychologie cognitive
700 1 0 _aGoulette,Jean-Pierre
942 _cBK
999 _c17012
_d17012